LEADER 01099nam a2200277 i 4500 001 000000230559 003 CaOOAMICUS 005 20140611000000.0 008 140611s1961 it u000 u ita u 013 $a209461 040 $aSeMil$bita 100 1 $aCarrel, Alexis,$d<1873-1944>.$0(OLS)http://semarc/name/23459 245 13$aLa preghiera /$cAlexis Carrel ; premessa di Giuseppe De Luca ; traduzione di Nella Berther. 250 $a5. ed. 260 $aBrescia :$bMorcelliana,$c1961. 300 $a33 p. ;$c19 cm. 500 $aFondo card. Giovanni Colombo. 650 4$aPreghiera - Introduzioni.$0(OLS)http://semarc/subject/3573 700 1 $aBerther, Nella.$0(OLS)http://semarc/name/23460 700 1 $aDe Luca, Giuseppe,$c.$0(OLS)http://semarc/name/242 850 $aSeMil 852 $aSeMil$W1$xVenegono$y1$m3GC VI 47$j180905$B180905$CSeMilBibl$Z2$F192838 $8B 941 1 $a3 961 $aLascito: Colombo Card. Giovanni 996 $6245$aLa preghiera$9(OLS)http://semarc/title/31632 996 $6260$aBrescia :$bMorcelliana$9(OLS)http://semarc/publisher/29629 LEADER 01210nam a2200265 i 4500 001 000000070264 003 CaOOAMICUS 005 20100318000000.0 008 100318s1976 it u000 u ita u 013 $a41436 040 $aSeMil$bita 100 1 $aTrapč, Agostino,$c.$0(OLS)http://semarc/name/3342 245 10$aS. Agostino :$bl'uomo, il pastore, il mistico /$cAgostino Trapč. 260 $aFossano (CN) :$bEditrice Esperienze,$ccopyr. 1976. 300 $a441 p., [6] c. di tav. ;$c21 cm. 490 0 $aMaestri di spiritualitą 490 0 $aMaestri di spiritualitą. Cristianesimo primitivo 500 $aContiene : Nota bibliografica. 600 04$aAgostino, Aurelio .$0(OLS)http://semarc/subject/1856 830 0$aMaestri di spiritualitą.$0(OLS)http://semarc/title/6247 830 0$aMaestri di spiritualitą. Cristianesimo primitivo.$0(OLS)http://semarc/title/31035 850 $aSeMil 852 $aSeMil$W1$xVenegono$y1$m2T II 207$j36417$B36417$CSeMilBibl$Z2$F36420 $81 996 $6245$aS. Agostino :$bl'uomo, il pastore, il mistico$9(OLS)http://semarc/title/112726 996 $6260$aFossano (CN) :$bEditrice Esperienze$9(OLS)http://semarc/publisher/31255